Plasma chemical purification of flue gases using pulsed electron beams; Journal of Physics: Conference Series; Vol. 1115 : 6th International Congress "Energy Fluxes and Radiation Effects". 20th International Symposium on High-Current Electronics (20th SHCE)
| Parent link: | Journal of Physics: Conference Series Vol. 1115 : 6th International Congress "Energy Fluxes and Radiation Effects". 20th International Symposium on High-Current Electronics (20th SHCE).— 2018.— [022028, 6 p.] |
|---|---|
| Glavni avtor: | |
| Corporate Authors: | , |
| Drugi avtorji: | , |
| Izvleček: | Title screen The article presents the study of the pulsed electron beam propagation in oxygen and nitrogen. The researches were performed using the TEA-500 pulsed electron accelerator and drift tube. Parameters of the TEA-500 pulsed electron accelerator are as follows: the electron energy (varies) is 200-450 keV, the beam current is 10 kA, the half-amplitude current pulse duration is 60 ns, the pulse repetition rate is up to 10 Hz (in the pulse burst). The accelerator is equipped with the necessary means of diagnostics of the beam parameters: particle energy, current and current density, the total energy transferred by the beam. The drift tube includes a chamber consisting of two sections of reverse current shunts located along the entire length of the drift tube. The following precursors used N2 and O2. The specified types of gases were chosen as they are among the main components of the flue gases, whose treatment has been widely reported recently. |
| Jezik: | angleščina |
| Izdano: |
2018
|
| Teme: | |
| Online dostop: | https://doi.org/10.1088/1742-6596/1115/2/022028 http://earchive.tpu.ru/handle/11683/57823 |
| Format: | Elektronski Book Chapter |
| KOHA link: | https://koha.lib.tpu.ru/cgi-bin/koha/opac-detail.pl?biblionumber=659600 |
MARC
| LEADER | 00000naa2a2200000 4500 | ||
|---|---|---|---|
| 001 | 659600 | ||
| 005 | 20240617113614.0 | ||
| 035 | |a (RuTPU)RU\TPU\network\28244 | ||
| 090 | |a 659600 | ||
| 100 | |a 20190306a2018 k y0engy50 ba | ||
| 101 | 0 | |a eng | |
| 102 | |a GB | ||
| 105 | |a y z 100zy | ||
| 135 | |a drcn ---uucaa | ||
| 181 | 0 | |a i | |
| 182 | 0 | |a b | |
| 200 | 1 | |a Plasma chemical purification of flue gases using pulsed electron beams |f G. E. Kholodnaya, R. V. Sazonov, D. V. Ponomarev | |
| 203 | |a Text |c electronic | ||
| 300 | |a Title screen | ||
| 320 | |a [References: 18 tit.] | ||
| 330 | |a The article presents the study of the pulsed electron beam propagation in oxygen and nitrogen. The researches were performed using the TEA-500 pulsed electron accelerator and drift tube. Parameters of the TEA-500 pulsed electron accelerator are as follows: the electron energy (varies) is 200-450 keV, the beam current is 10 kA, the half-amplitude current pulse duration is 60 ns, the pulse repetition rate is up to 10 Hz (in the pulse burst). The accelerator is equipped with the necessary means of diagnostics of the beam parameters: particle energy, current and current density, the total energy transferred by the beam. The drift tube includes a chamber consisting of two sections of reverse current shunts located along the entire length of the drift tube. The following precursors used N2 and O2. The specified types of gases were chosen as they are among the main components of the flue gases, whose treatment has been widely reported recently. | ||
| 461 | 1 | |0 (RuTPU)RU\TPU\network\3526 |t Journal of Physics: Conference Series | |
| 463 | 1 | |t Vol. 1115 : 6th International Congress "Energy Fluxes and Radiation Effects". 20th International Symposium on High-Current Electronics (20th SHCE) |d 2018 |o [proceedings], 16-22 September 2018, Tomsk, Russian Federation |v [022028, 6 p.] | |
| 610 | 1 | |a электронный ресурс | |
| 610 | 1 | |a труды учёных ТПУ | |
| 610 | 1 | |a химическая очистка | |
| 610 | 1 | |a дымовые газы | |
| 610 | 1 | |a электронные пучки | |
| 700 | 1 | |a Kholodnaya |b G. E. |c electrophysicist |c Associate Scientist of Tomsk Polytechnic University, candidate of technical Sciences |f 1986- |g Galina Evgenievna |3 (RuTPU)RU\TPU\pers\32699 |9 16585 | |
| 701 | 1 | |a Sazonov |b R. V. |c physicist |c senior researcher of Tomsk Polytechnic University, candidate of physico-mathematical Sciences |f 1984- |g Roman Vladimirovich |3 (RuTPU)RU\TPU\pers\32698 |9 16584 | |
| 701 | 1 | |a Ponomarev |b D. V. |c physicist |c Senior researcher of Tomsk Polytechnic University, Candidate of technical sciences |f 1981- |g Denis Vladimirovich |3 (RuTPU)RU\TPU\pers\32702 | |
| 712 | 0 | 2 | |a Национальный исследовательский Томский политехнический университет |b Исследовательская школа физики высокоэнергетических процессов |c (2017- ) |3 (RuTPU)RU\TPU\col\23551 |
| 712 | 0 | 2 | |a Национальный исследовательский Томский политехнический университет |b Инженерная школа новых производственных технологий |b Научно-производственная лаборатория "Импульсно-пучковых, электроразрядных и плазменных технологий" |3 (RuTPU)RU\TPU\col\23502 |
| 801 | 2 | |a RU |b 63413507 |c 20200218 |g RCR | |
| 856 | 4 | |u https://doi.org/10.1088/1742-6596/1115/2/022028 | |
| 856 | 4 | |u http://earchive.tpu.ru/handle/11683/57823 | |
| 942 | |c CF | ||